000 00455nam a2200121Ia 4500
008 220620s9999||||xx |||||||||||||| ||und||
245 0 _aCrowds
_bEthnographic Encounters (Edition 1)
546 _aEnglish[eng]
650 _aSocial Science||Research||Social Science||Anthropology||General||Social Science||Sociology||Urban
700 _aSteffen, Megan
856 _uhttps://library.oapen.org/bitstream/20.500.12657/43477/1/external_content.pdf
942 _cEB
999 _c33967
_d33967